| 000 | 01281nam a2200253 a 4500 | ||
|---|---|---|---|
| 001 | 000107134 | ||
| 003 | AM-YEHGA | ||
| 005 | 20250618071142.0 | ||
| 008 | 960705s1988 ru ||||| |||| 00| 0 rus d | ||
| 020 | _a5260002547 | ||
| 040 | _aAM-YeHGA | ||
| 041 | 2 | _arus | |
| 245 | 0 | 0 |
_aКрасная книга РСФСР : _bРастения : [Энциклопедия] / _cАН СССР. Ботанический ин-т им. В. Л. Комарова и др. ; [Гл. редкол.: А. Л. Тахтаджян (отв. ред.) и др.]. |
| 260 |
_aМосква : _bРосагропромиздат, _c1988. |
||
| 300 |
_a591 с. : _bил ; _c27 см. |
||
| 500 | _aВ надзаг. также: Всесоюз. ботан. о-во, Гл. упр. охотничьего хоз-ва и заповедников при Совете Министров РСФСР | ||
| 504 | _aБиблиогр.: с. 559-578 | ||
| 650 | 1 | 4 | _aРастительные ресурсы - Охрана - РСФС |
| 650 | 1 | 4 | _aРСФСР, охрана окруж. среды |
| 700 | 1 | 0 |
_aԹախտաջյան, Արմեն Լևոնի, _d1910-2009 _eред _4edt _93348 |
| 710 | 2 | _aБотанический институт им. В.Л. Комарова АН СССР | |
| 942 |
_2udc _cBK |
||
| 090 | _c35526 | ||
| 999 |
_c35007 _d35007 |
||